[Event "XXVI Turniej Szachowy Juniorow "]
[Site "UKS MDK-1 Hetman Bydgoszcz"]
[Date "2009.??.??"]
[Round "1.1"]
[White "Bokiej, Przemyslaw"]
[Black "Mazalon, Mateusz"]
[Result "1-0"]
[WhiteElo "2054"]
[BlackElo "1728"]
[PlyCount "63"]
[EventDate "2009.??.??"]

1. e4 c5 2. Nf3 a6 3. d3 b5 4. g3 Bb7 5. Bg2 d6 6. O-O Nf6 7. h3 Nbd7 8. Be3 g6
9. Qd2 Bg7 10. Bh6 O-O 11. Bxg7 Kxg7 12. Nc3 Nb6 13. Nh4 d5 14. e5 Nfd7 15. f4
e6 16. Rae1 Qc7 17. g4 b4 18. Nd1 Rg8 19. f5 Nxe5 20. Qf4 Nbd7 21. fxe6 fxe6
22. Rxe5 Qxe5 23. Qf7+ Kh8 24. Qxd7 Rg7 25. Nf3 Qf6 26. Qd6 Qe7 27. Qxe7 Rxe7
28. Ne5 Rd8 29. Nf7+ Rxf7 30. Rxf7 Bc6 31. g5 e5 32. Ne3 1-0

[Event "XXVI Turniej Szachowy Juniorow "]
[Site "UKS MDK-1 Hetman Bydgoszcz"]
[Date "2009.??.??"]
[Round "1.2"]
[White "Snihur, Piotr"]
[Black "Drozdowski, Kacper"]
[Result "0-1"]
[WhiteElo "1720"]
[BlackElo "2039"]
[PlyCount "80"]
[EventDate "2009.??.??"]

1. e4 d6 2. d4 Nf6 3. Nc3 g6 4. f3 Bg7 5. Be3 a6 6. Bc4 Nbd7 7. Qd2 e5 8. d5 b5
9. Bb3 O-O 10. h4 h5 11. Nh3 Nb6 12. Nf2 Qe8 13. Rg1 b4 14. Ne2 a5 15. a3 bxa3
16. Rxa3 a4 17. Ba2 Qb5 18. Qc3 Ba6 19. Nc1 Rfc8 20. b3 axb3 21. Bxb3 Bb7 22.
Rxa8 Bxa8 23. Ncd3 c5 24. Nb2 Bb7 25. Nc4 Nxc4 26. Qxc4 Qa5+ 27. Bd2 Qa1+ 28.
Nd1 Ra8 29. Bc3 Qc1 30. Bd2 Qa1 31. Bc3 Qc1 32. Bd2 Qa3 33. Bc3 Bh6 34. Bb2
Qa5+ 35. Bc3 Qb6 36. Bd2 Bxd2+ 37. Kxd2 Ba6 38. Qc3 c4 39. Ne3 cxb3 40. Rb1
Qd4+ 0-1

[Event "XXVI Turniej Szachowy Juniorow "]
[Site "UKS MDK-1 Hetman Bydgoszcz"]
[Date "2009.??.??"]
[Round "1.3"]
[White "Licznerski, Lukasz"]
[Black "Gajek, Radoslaw"]
[Result "0-1"]
[WhiteElo "1932"]
[BlackElo "1720"]
[PlyCount "148"]
[EventDate "2009.??.??"]

1. e4 g6 2. d4 Bg7 3. Nc3 d6 4. Bg5 c6 5. Qd2 Nd7 6. Nf3 b5 7. a3 a5 8. d5 b4
9. axb4 cxd5 10. Qxd5 Nb6 11. Bb5+ Bd7 12. Bxd7+ Qxd7 13. Rxa5 Rc8 14. Qb5
Bxc3+ 15. bxc3 Qxb5 16. Rxb5 Na4 17. Bd2 Nxc3 18. Bxc3 Rxc3 19. Rb8+ Kd7 20.
Kd2 Rc8 21. Rb7+ Rc7 22. Rb8 Rc8 23. Rxc8 Kxc8 24. Ra1 Kb7 25. e5 dxe5 26. Nxe5
Nh6 27. c4 f6 28. Nd3 Rd8 29. Kc3 Nf5 30. Ra2 h5 31. Rd2 Kb6 32. b5 g5 33. Ne1
Nd6 34. Kb4 Rc8 35. Rc2 Ne4 36. Nd3 Rd8 37. c5+ Kb7 38. Kc4 e5 39. f3 Rd4+ 40.
Kb3 Rxd3+ 41. Kb4 Rd4+ 42. Ka5 Nd2 43. c6+ Kc8 44. Kb6 Nc4+ 45. Kc5 Ne3 46. Rc3
Nd5 47. Ra3 Kb8 48. b6 Rd2 49. g3 Ne7 50. c7+ Kc8 51. Ra8+ Kb7 52. Rb8+ Ka6 53.
Re8 Rd5+ 54. Kc4 Rd4+ 55. Kc3 Nd5+ 56. Kb3 Nxb6 57. Re6 Rc4 58. Rxb6+ Kxb6 59.
Kxc4 Kxc7 60. Kd5 Kd7 61. h3 Ke7 62. h4 gxh4 63. gxh4 Kd7 64. f4 exf4 65. Ke4
Ke6 66. Kxf4 f5 67. Kg5 Ke5 68. Kxh5 f4 69. Kg6 f3 70. h5 f2 71. h6 f1=Q 72.
Kg7 Qf6+ 73. Kh7 Qf7+ 74. Kh8 Kd4 0-1

[Event "XXVI Turniej Szachowy Juniorow "]
[Site "UKS MDK-1 Hetman Bydgoszcz"]
[Date "2009.??.??"]
[Round "1.4"]
[White "Nowacki, Krzysztof"]
[Black "Brzezinski, Mateusz"]
[Result "0-1"]
[WhiteElo "1693"]
[BlackElo "1931"]
[PlyCount "50"]
[EventDate "2009.??.??"]

1. e4 c5 2. Nf3 Nc6 3. d4 cxd4 4. Nxd4 Nf6 5. Nc3 e5 6. Ndb5 d6 7. Nd5 Nxd5 8.
exd5 Nb8 9. c4 Be7 10. Bd3 O-O 11. O-O f5 12. Kh1 a6 13. Nc3 Nd7 14. f4 g6 15.
Be3 b6 16. b4 Bf6 17. Rc1 exf4 18. Bxf4 Ne5 19. Be3 Ng4 20. Bf4 g5 21. h3 gxf4
22. hxg4 Bd4 23. Qe1 fxg4 24. Bxh7+ Kg7 25. Ne2 Be3 0-1

[Event "XXVI Turniej Szachowy Juniorow "]
[Site "UKS MDK-1 Hetman Bydgoszcz"]
[Date "2009.??.??"]
[Round "1.5"]
[White "Marchlewicz, Damian"]
[Black "Czajkowski, Mateusz"]
[Result "1-0"]
[WhiteElo "1911"]
[BlackElo "1685"]
[PlyCount "63"]
[EventDate "2009.??.??"]

1. d4 e6 2. c4 d5 3. Nc3 c6 4. e3 Bb4 5. Nf3 Ne7 6. a3 Bxc3+ 7. bxc3 O-O 8. Bd3
h6 9. O-O dxc4 10. Bxc4 b6 11. e4 Ba6 12. Bxa6 Nxa6 13. Ne5 f6 14. Nd3 c5 15.
Nf4 Qd6 16. Qb3 Qc6 17. Qxe6+ Qxe6 18. Nxe6 Rfe8 19. d5 Nc8 20. Bf4 h5 21. h4
Ne7 22. Bg3 f5 23. f3 Ng6 24. Rad1 Nf8 25. exf5 Nxe6 26. fxe6 c4 27. Rd4 Rad8
28. Re1 Nc5 29. f4 g6 30. Re5 b5 31. Rg5 Kh7 32. f5 1-0

[Event "XXVI Turniej Szachowy Juniorow "]
[Site "UKS MDK-1 Hetman Bydgoszcz"]
[Date "2009.??.??"]
[Round "1.6"]
[White "Gora, Antonina"]
[Black "Januszewski, Piotr"]
[Result "1/2-1/2"]
[WhiteElo "1583"]
[BlackElo "1848"]
[PlyCount "37"]
[EventDate "2009.??.??"]

1. e4 c5 2. Nf3 Nc6 3. d4 cxd4 4. Nxd4 Nf6 5. Nc3 g6 6. Be3 Bg7 7. Qd2 O-O 8.
O-O-O a6 9. Be2 d6 10. Kb1 Nxd4 11. Bxd4 b5 12. Bf3 e5 13. Bxe5 b4 14. Qxd6 Qa5
15. Bxf6 Bxf6 16. Rd5 Qd8 17. Qxb4 Qc7 18. Rc5 Qa7 19. Nd5 1/2-1/2

[Event "XXVI Turniej Szachowy Juniorow "]
[Site "UKS MDK-1 Hetman Bydgoszcz"]
[Date "2009.??.??"]
[Round "1.7"]
[White "Zebracki, Tomasz"]
[Black "Kacperski, Wojciech"]
[Result "1-0"]
[WhiteElo "1795"]
[BlackElo "1546"]
[PlyCount "51"]
[EventDate "2009.??.??"]

1. e4 c6 2. c4 d5 3. exd5 cxd5 4. cxd5 Nf6 5. Nc3 Nxd5 6. d4 Nc6 7. Nf3 Bf5 8.
a3 e6 9. Bb5 Bd6 10. Nxd5 exd5 11. O-O O-O 12. Bd3 Bg4 13. Be3 Qc7 14. h3 Bh5
15. Bxh7+ Kh8 16. Bd3 Ne7 17. Rc1 Qd7 18. Re1 Bg6 19. Bxg6 Nxg6 20. Ng5 Rfe8
21. Qh5+ Kg8 22. Qh7+ Kf8 23. h4 Ke7 24. Qxg7 Rf8 25. Nxf7 Rxf7 26. Bg5# 1-0

[Event "XXVI Turniej Szachowy Juniorow "]
[Site "UKS MDK-1 Hetman Bydgoszcz"]
[Date "2009.??.??"]
[Round "1.8"]
[White "Szulgacz, Maciej"]
[Black "Kotula, Konrad"]
[Result "0-1"]
[WhiteElo "1529"]
[BlackElo "1756"]
[PlyCount "66"]
[EventDate "2009.??.??"]

1. d4 Nf6 2. c4 c5 3. e3 g6 4. Nf3 Bg7 5. Nc3 O-O 6. Be2 d6 7. O-O Bd7 8. a3
Na6 9. Rb1 Bf5 10. Bd3 Bxd3 11. Qxd3 Rc8 12. Nb5 Qb6 13. b4 cxb4 14. axb4 Nc7
15. Nc3 a6 16. b5 axb5 17. Nxb5 Nxb5 18. Rxb5 Qc6 19. c5 dxc5 20. Rxc5 Qe4 21.
Qc4 Rxc5 22. Qxc5 Ra8 23. Ba3 e6 24. Rc1 Bf8 25. Qc7 Nd5 26. Qxb7 Rxa3 27. Ne5
Qf5 28. e4 Qf4 29. Rf1 Nc3 30. Nd7 Ne2+ 31. Kh1 Rh3 32. Nf6+ Qxf6 33. e5 Rxh2+
0-1

[Event "XXVI Turniej Szachowy Juniorow "]
[Site "UKS MDK-1 Hetman Bydgoszcz"]
[Date "2009.??.??"]
[Round "1.9"]
[White "Kotula, Oktawia"]
[Black "Zwara, Szymon"]
[Result "0-1"]
[WhiteElo "1737"]
[BlackElo "1450"]
[PlyCount "80"]
[EventDate "2009.??.??"]

1. c4 e5 2. Nc3 d6 3. Nf3 f5 4. d3 Nf6 5. Bg5 Be7 6. g3 O-O 7. Bg2 Nc6 8. O-O
h6 9. Bxf6 Bxf6 10. e3 Be6 11. Rc1 Kh7 12. Nd2 Qd7 13. a3 a5 14. Nd5 Bd8 15. f4
exf4 16. Nxf4 Bf6 17. Qc2 Ne7 18. d4 g5 19. Nxe6 Qxe6 20. Rce1 Rae8 21. Nb3 b6
22. a4 Bg7 23. Nd2 Ng6 24. Bd5 Qf6 25. Qd3 c5 26. Bc6 Re7 27. Nb3 Rc7 28. Bd5
Ne7 29. Bg2 d5 30. Rf2 cxd4 31. Nxd4 dxc4 32. Qc2 Kh8 33. Bf1 f4 34. Nb5 Rc5
35. exf4 gxf4 36. Rxf4 Qg5 37. Rxf8+ Bxf8 38. Nd6 Qd5 39. Ne4 Bg7 40. Qe2 Bd4+
0-1

[Event "XXVI Turniej Szachowy Juniorow "]
[Site "UKS MDK-1 Hetman Bydgoszcz"]
[Date "2009.??.??"]
[Round "2.1"]
[White "Kotula, Konrad"]
[Black "Bokiej, Przemyslaw"]
[Result "1-0"]
[WhiteElo "1756"]
[BlackElo "2054"]
[PlyCount "163"]
[EventDate "2009.??.??"]

1. c4 e5 2. Nc3 Nf6 3. g3 d5 4. cxd5 Nxd5 5. Bg2 Nb6 6. Nf3 Nc6 7. O-O Be7 8.
d3 O-O 9. Be3 f5 10. Na4 Nxa4 11. Qxa4 Be6 12. Qb5 a6 13. Qa4 Bf6 14. Rac1 Nd4
15. Nxd4 exd4 16. Bf4 c6 17. Bd2 Re8 18. Ba5 Qd7 19. Bb6 Bf7 20. Rfe1 Re7 21.
b4 Rae8 22. Qc2 Bh5 23. Bf1 Bg5 24. Rb1 Kh8 25. Qb2 Bf6 26. Rbc1 Bf3 27. Rc4
Bd5 28. Rcc1 Bf7 29. Bh3 g6 30. Bc5 Re6 31. Rc4 b5 32. Rc2 Kg7 33. Rec1 Rb8 34.
a4 Ree8 35. a5 Rbc8 36. Bb6 g5 37. Bg2 Re6 38. Rc5 Qe8 39. Kf1 Bh5 40. R1c2 Kg6
41. Bh3 g4 42. Bg2 Be7 43. Qxd4 Bxc5 44. Qxc5 Qe7 45. Qxe7 Rxe7 46. Rxc6+ Rxc6
47. Bxc6 Kg7 48. Bc5 Rc7 49. Bg2 Bf7 50. Ke1 Rd7 51. Bc6 Rc7 52. Bg2 Be8 53.
Kd2 Bc6 54. Bf1 Bd5 55. h3 h5 56. h4 Kf6 57. e3 Bf3 58. Kc3 Ke6 59. d4 Be4 60.
Be2 Rc8 61. Bd1 Re8 62. Bb3+ Bd5 63. Bc2 Kf6 64. Kd2 Bc4 65. Bd6 Re6 66. Bf4
Bd5 67. Bg5+ Kg6 68. Bd3 Rc6 69. Be7 Be4 70. Bc5 Bxd3 71. Kxd3 Kf6 72. d5 Rc8
73. Kd4 Re8 74. Bd6 Rc8 75. Bc5 Rd8 76. Bb6 Rc8 77. Bc5 Rb8 78. Bd6 Rd8 79. Bc7
Re8 80. Kc5 Re4 81. Bd6 Rc4+ 82. Kb6 1-0

[Event "XXVI Turniej Szachowy Juniorow "]
[Site "UKS MDK-1 Hetman Bydgoszcz"]
[Date "2009.??.??"]
[Round "2.2"]
[White "Drozdowski, Kacper"]
[Black "Zebracki, Tomasz"]
[Result "1-0"]
[WhiteElo "2039"]
[BlackElo "1795"]
[PlyCount "85"]
[EventDate "2009.??.??"]

1. e4 e6 2. d4 d5 3. Nc3 Nf6 4. Bg5 Bb4 5. e5 h6 6. Bd2 Bxc3 7. Bxc3 Ne4 8. Bd3
Nxc3 9. bxc3 O-O 10. Nf3 c5 11. O-O Nc6 12. Qd2 Bd7 13. Rfb1 c4 14. Bf1 Rb8 15.
a4 a6 16. h4 f6 17. exf6 Qxf6 18. Re1 Rfe8 19. Re3 Re7 20. g3 Kh8 21. Ne5 Nxe5
22. Rxe5 Rf8 23. Bh3 Qg6 24. h5 Qf6 25. a5 Rfe8 26. Bg4 Bc6 27. Rae1 Bd7 28.
Kg2 Kg8 29. R1e2 Kh8 30. Qe1 Kg8 31. R2e3 Qf8 32. Bxe6+ Rxe6 33. Rxe6 Bxe6 34.
Rxe6 Kf7 35. Rxe8 Qxe8 36. Qxe8+ Kxe8 37. f4 Kd7 38. Kf3 b6 39. axb6 Kc6 40. g4
Kxb6 41. f5 Kc6 42. g5 Kd6 43. f6 1-0

[Event "XXVI Turniej Szachowy Juniorow "]
[Site "UKS MDK-1 Hetman Bydgoszcz"]
[Date "2009.??.??"]
[Round "2.3"]
[White "Brzezinski, Mateusz"]
[Black "Gajek, Radoslaw"]
[Result "1-0"]
[WhiteElo "1931"]
[BlackElo "1720"]
[PlyCount "63"]
[EventDate "2009.??.??"]

1. c4 Nf6 2. Nc3 g6 3. g3 Bg7 4. Bg2 c5 5. e3 Nc6 6. Nge2 O-O 7. O-O d6 8. a3
Bg4 9. h3 Bd7 10. Rb1 a5 11. d3 Qc8 12. Kh2 Re8 13. Bd2 Bf5 14. Qc2 Ne5 15. e4
Bd7 16. f4 Nc6 17. Nb5 Na7 18. Nxa7 Rxa7 19. b4 axb4 20. axb4 Ba4 21. Qc1 cxb4
22. Rxb4 Bc6 23. Nc3 Qc7 24. Nb5 Bxb5 25. Rxb5 Rea8 26. Bc3 Ra2 27. Rd1 Qc6 28.
Rd2 Rxd2 29. Qxd2 e5 30. fxe5 dxe5 31. Bxe5 Qd7 32. Qb2 1-0

[Event "XXVI Turniej Szachowy Juniorow "]
[Site "UKS MDK-1 Hetman Bydgoszcz"]
[Date "2009.??.??"]
[Round "2.4"]
[White "Zwara, Szymon"]
[Black "Marchlewicz, Damian"]
[Result "0-1"]
[WhiteElo "1450"]
[BlackElo "1911"]
[PlyCount "52"]
[EventDate "2009.??.??"]

1. e4 e6 2. d3 c5 3. Nf3 Nc6 4. Nbd2 d6 5. Be2 g6 6. O-O Bg7 7. c3 Nge7 8. Nb3
e5 9. Bg5 h6 10. Be3 f5 11. exf5 Bxf5 12. d4 cxd4 13. cxd4 O-O 14. h3 Rc8 15.
Qd2 Kh7 16. d5 Nb8 17. Bxa7 Rc2 18. Qd1 Rxb2 19. Nfd2 Nxd5 20. Bf3 Nc3 21. Qc1
Rc2 22. Qa3 Nb5 23. Qa4 Nxa7 24. Qxa7 e4 25. Qxb7 exf3 26. Nxf3 Rc7 0-1

[Event "XXVI Turniej Szachowy Juniorow "]
[Site "UKS MDK-1 Hetman Bydgoszcz"]
[Date "2009.??.??"]
[Round "2.5"]
[White "Januszewski, Piotr"]
[Black "Licznerski, Lukasz"]
[Result "1/2-1/2"]
[WhiteElo "1848"]
[BlackElo "1932"]
[PlyCount "73"]
[EventDate "2009.??.??"]

1. e4 e6 2. d3 d5 3. Nd2 Nf6 4. Ngf3 c5 5. g3 Nc6 6. Bg2 Be7 7. O-O O-O 8. Re1
b5 9. Nf1 a5 10. e5 Nd7 11. c3 Ba6 12. h4 Qb6 13. N1h2 Rfb8 14. Bf4 b4 15. h5
h6 16. g4 Qd8 17. Qd2 Rb6 18. g5 hxg5 19. Nxg5 bxc3 20. bxc3 Ndxe5 21. Nxe6
fxe6 22. Bxe5 Nxe5 23. Rxe5 Bf6 24. Ree1 Rab8 25. d4 Bc8 26. Ng4 cxd4 27. cxd4
Rb4 28. Ne5 Bxe5 29. Rxe5 Qh4 30. Rd1 Rb2 31. Qg5 Qxf2+ 32. Kh2 Qf6 33. Qg3
Rxa2 34. Rc1 Qf2 35. Rg5 Qxg3+ 36. Rxg3 Rd2 37. Rc7 1/2-1/2

[Event "XXVI Turniej Szachowy Juniorow "]
[Site "UKS MDK-1 Hetman Bydgoszcz"]
[Date "2009.??.??"]
[Round "2.6"]
[White "Kotula, Oktawia"]
[Black "Gora, Antonina"]
[Result "1-0"]
[WhiteElo "1737"]
[BlackElo "1583"]
[PlyCount "51"]
[EventDate "2009.??.??"]

1. d4 Nf6 2. Nf3 g6 3. c4 Bg7 4. Nc3 d5 5. e3 O-O 6. Bd3 Nc6 7. O-O e6 8. a3 a6
9. b4 dxc4 10. Bxc4 b5 11. Bd3 Nd5 12. Ne4 Rb8 13. Qc2 Nce7 14. Bb2 Nb6 15.
Rac1 Ned5 16. Nc5 Nd7 17. Rfd1 Nxc5 18. Qxc5 Bd7 19. e4 Nf4 20. Qxc7 Nxd3 21.
Rxd3 f5 22. e5 Bh6 23. Qxd8 Rfxd8 24. Rc7 Rbc8 25. Rdc3 Bg7 26. Rxd7 1-0

[Event "XXVI Turniej Szachowy Juniorow "]
[Site "UKS MDK-1 Hetman Bydgoszcz"]
[Date "2009.??.??"]
[Round "2.7"]
[White "Mazalon, Mateusz"]
[Black "Szulgacz, Maciej"]
[Result "1-0"]
[WhiteElo "1728"]
[BlackElo "1529"]
[PlyCount "59"]
[EventDate "2009.??.??"]

1. e4 d6 2. d4 Nf6 3. Nc3 g6 4. Bg5 Bg7 5. Qd2 Nbd7 6. O-O-O c5 7. Nf3 cxd4 8.
Nxd4 Nc5 9. f3 a6 10. Bh6 O-O 11. Bxg7 Kxg7 12. h4 h5 13. Qg5 b5 14. Nf5+ Bxf5
15. exf5 b4 16. Nd5 Nxd5 17. Rxd5 Rc8 18. Bd3 Nxd3+ 19. Rxd3 Rc5 20. Re1 Re8
21. g4 Qc7 22. Rd2 b3 23. axb3 Qa5 24. Kb1 Qb4 25. Rxe7 Rxe7 26. Qxe7 Re5 27.
f6+ Kg8 28. Qd8+ Kh7 29. Rd1 d5 30. Qc7 1-0

[Event "XXVI Turniej Szachowy Juniorow "]
[Site "UKS MDK-1 Hetman Bydgoszcz"]
[Date "2009.??.??"]
[Round "2.8"]
[White "Czajkowski, Mateusz"]
[Black "Snihur, Piotr"]
[Result "0-1"]
[WhiteElo "1685"]
[BlackElo "1720"]
[PlyCount "74"]
[EventDate "2009.??.??"]

1. e4 c5 2. Nf3 Nc6 3. d4 cxd4 4. Nxd4 d6 5. c4 g6 6. Nc3 Bg7 7. Be3 Nf6 8. h3
O-O 9. Bd3 a6 10. Qd2 Qc7 11. f4 b6 12. g4 Bb7 13. g5 Nd7 14. Nd5 Qd8 15. Qf2
Nc5 16. Bc2 Re8 17. O-O Rb8 18. Rad1 Ba8 19. b4 Nd7 20. Ba4 Qc8 21. f5 Nxd4 22.
Bxd4 Bxd5 23. cxd5 b5 24. Bxg7 Kxg7 25. fxg6 fxg6 26. Qf7+ Kh8 27. Rc1 Qb7 28.
Bb3 Ne5 29. Qe6 Qb6+ 30. Kg2 Qe3 31. Kh2 Qxg5 32. Rce1 Qd2+ 33. Kg1 Nf3+ 34.
Rxf3 Qxe1+ 35. Kg2 Rf8 36. Rf7 Rxf7 37. Qxf7 Qxe4+ 0-1

[Event "XXVI Turniej Szachowy Juniorow "]
[Site "UKS MDK-1 Hetman Bydgoszcz"]
[Date "2009.??.??"]
[Round "2.9"]
[White "Kacperski, Wojciech"]
[Black "Nowacki, Krzysztof"]
[Result "0-1"]
[WhiteElo "1546"]
[BlackElo "1693"]
[PlyCount "90"]
[EventDate "2009.??.??"]

1. d4 d5 2. c4 e6 3. Nc3 Nf6 4. Nf3 Be7 5. Bg5 b6 6. e3 Bb7 7. Bd3 Nbd7 8. O-O
h6 9. Bh4 O-O 10. Qe2 dxc4 11. Bxc4 Ne4 12. Bg3 Nxc3 13. bxc3 Nf6 14. Bd3 Ne4
15. Qc2 Nxg3 16. fxg3 c5 17. Rf2 Rc8 18. Raf1 Bf6 19. Qd2 cxd4 20. cxd4 Qd7 21.
Bc2 Ba6 22. Re1 Rfd8 23. Rd1 Bc4 24. g4 Bxa2 25. h4 Qe7 26. g3 e5 27. Qd3 g6
28. h5 Bc4 29. Qd2 e4 30. Nh4 Rxd4 31. exd4 e3 32. Qe1 exf2+ 33. Qxf2 Bxh4 34.
Re1 Bxg3 35. Qxg3 Qf6 36. Qe3 gxh5 37. Qe4 Qg7 38. Bd1 hxg4 39. d5 Qg6 40. Qd4
b5 41. d6 Rd8 42. Re4 f5 43. Re7 Rxd6 44. Qxa7 Rxd1+ 45. Kg2 Qc6+ 0-1

[Event "XXVI Turniej Szachowy Juniorow "]
[Site "UKS MDK-1 Hetman Bydgoszcz"]
[Date "2009.??.??"]
[Round "3.1"]
[White "Marchlewicz, Damian"]
[Black "Drozdowski, Kacper"]
[Result "1/2-1/2"]
[WhiteElo "1911"]
[BlackElo "2039"]
[PlyCount "71"]
[EventDate "2009.??.??"]

1. d4 Nf6 2. c4 g6 3. Nc3 Bg7 4. e4 d6 5. Nf3 O-O 6. Be2 e5 7. dxe5 dxe5 8.
Qxd8 Rxd8 9. Bg5 Re8 10. Nd5 Nxd5 11. cxd5 c6 12. Bc4 cxd5 13. Bxd5 Nc6 14. O-O
Nb4 15. Bc4 Bg4 16. h3 Bxf3 17. gxf3 Nc2 18. Rac1 Nd4 19. Kg2 h6 20. Be3 Rac8
21. Bd5 b6 22. Bb7 Rc2 23. Rxc2 Nxc2 24. Bd2 Bf8 25. Rc1 Nd4 26. Bd5 Bd6 27.
Bxh6 Bc5 28. Bd2 Ne2 29. Re1 Nf4+ 30. Bxf4 exf4 31. Rd1 Kg7 32. Bc4 Kf6 33. Kf1
a5 34. Ke2 Ke7 35. Bd5 Rh8 36. Rh1 1/2-1/2

[Event "XXVI Turniej Szachowy Juniorow "]
[Site "UKS MDK-1 Hetman Bydgoszcz"]
[Date "2009.??.??"]
[Round "3.2"]
[White "Kotula, Konrad"]
[Black "Brzezinski, Mateusz"]
[Result "0-1"]
[WhiteElo "1756"]
[BlackElo "1931"]
[PlyCount "54"]
[EventDate "2009.??.??"]

1. c4 e6 2. Nf3 Nf6 3. g3 d5 4. d4 c6 5. Bg2 Nbd7 6. Nbd2 Bd6 7. O-O O-O 8. Re1
b6 9. Qc2 Bb7 10. e4 Nxe4 11. Nxe4 dxe4 12. Ng5 Nf6 13. Nxe4 Nxe4 14. Rxe4 Be7
15. Bf4 Qd7 16. Rae1 Rfd8 17. Bh3 Kh8 18. Be5 Qe8 19. Rg4 f6 20. Rh4 h6 21. Bf4
Bf8 22. Rxe6 Qf7 23. Qf5 Bc8 24. Bxh6 gxh6 25. Qf4 Bxe6 26. g4 Bxc4 27. Qf5 Bg7
0-1

[Event "XXVI Turniej Szachowy Juniorow "]
[Site "UKS MDK-1 Hetman Bydgoszcz"]
[Date "2009.??.??"]
[Round "3.3"]
[White "Bokiej, Przemyslaw"]
[Black "Zwara, Szymon"]
[Result "1-0"]
[WhiteElo "2054"]
[BlackElo "1450"]
[PlyCount "81"]
[EventDate "2009.??.??"]

1. e4 c5 2. a3 Nc6 3. b4 e5 4. b5 Nd4 5. c3 Ne6 6. Nf3 d6 7. Bc4 Nf6 8. d3 Qa5
9. O-O Be7 10. Nbd2 Bd7 11. a4 O-O 12. Nb3 Qd8 13. Qe2 Nc7 14. h3 Be6 15. Bxe6
Nxe6 16. d4 cxd4 17. cxd4 exd4 18. Nfxd4 Nc5 19. Nxc5 dxc5 20. Nf5 Re8 21. Bb2
Qc8 22. Rfe1 Kf8 23. Rad1 Qe6 24. f4 c4 25. Nxe7 Qxe7 26. Qxc4 Nxe4 27. Be5
Qc5+ 28. Qxc5+ Nxc5 29. Bd6+ Kg8 30. Rxe8+ Rxe8 31. Bxc5 b6 32. Bf2 f6 33. Rd7
Ra8 34. a5 bxa5 35. Bxa7 Rb8 36. Bf2 Ra8 37. Ra7 Rb8 38. Rxa5 Kf7 39. f5 Ke7
40. Ra7+ Kd6 41. Bg3+ 1-0

[Event "XXVI Turniej Szachowy Juniorow "]
[Site "UKS MDK-1 Hetman Bydgoszcz"]
[Date "2009.??.??"]
[Round "3.4"]
[White "Snihur, Piotr"]
[Black "Januszewski, Piotr"]
[Result "0-1"]
[WhiteElo "1720"]
[BlackElo "1848"]
[PlyCount "50"]
[EventDate "2009.??.??"]

1. e4 c5 2. Nf3 Nc6 3. d4 cxd4 4. Nxd4 Nf6 5. Nc3 g6 6. f3 Bg7 7. Be3 O-O 8.
Qd2 d5 9. e5 Nxe5 10. Bh6 Nc6 11. Bxg7 Kxg7 12. O-O-O e5 13. Nb3 Be6 14. h4 d4
15. Nb1 Nd5 16. h5 Ne3 17. Re1 Bxb3 18. axb3 Qa5 19. c3 Ne7 20. Rxe3 dxe3 21.
Qxe3 Nf5 22. Qg5 h6 23. Qg4 Qb6 24. Nd2 Rad8 25. Qe4 Qe3 0-1

[Event "XXVI Turniej Szachowy Juniorow "]
[Site "UKS MDK-1 Hetman Bydgoszcz"]
[Date "2009.??.??"]
[Round "3.5"]
[White "Zebracki, Tomasz"]
[Black "Mazalon, Mateusz"]
[Result "1/2-1/2"]
[WhiteElo "1795"]
[BlackElo "1728"]
[PlyCount "96"]
[EventDate "2009.??.??"]

1. e4 c5 2. Nf3 a6 3. d4 cxd4 4. Nxd4 Nf6 5. Nc3 e5 6. Nb3 Bb4 7. Bd2 O-O 8.
Bd3 Bxc3 9. Bxc3 d5 10. Bxe5 dxe4 11. Be2 Nc6 12. Qxd8 Rxd8 13. Bxf6 gxf6 14.
O-O Be6 15. Rfd1 Bxb3 16. cxb3 Nd4 17. Bf1 e3 18. fxe3 Nc2 19. Rac1 Nxe3 20.
Re1 Nxf1 21. Rxf1 Rd2 22. Rxf6 Rxb2 23. Rf2 Rxf2 24. Kxf2 Rd8 25. Ke2 Rd4 26.
Rd1 Re4+ 27. Kd2 Kg7 28. Kc3 Re2 29. Rd2 Rxd2 30. Kxd2 Kf6 31. Kd3 Ke5 32. Kc4
b6 33. a4 f5 34. a5 bxa5 35. Kc5 f4 36. Kb6 Kd4 37. Kxa6 Kc3 38. Kxa5 Kxb3 39.
Kb5 Kc3 40. Kc5 Kd3 41. Kd5 Ke3 42. Ke5 f3 43. gxf3 Kxf3 44. Kf5 Kg2 45. h4 Kh3
46. Kg5 h6+ 47. Kh5 Kg3 48. Kxh6 Kxh4 1/2-1/2

[Event "XXVI Turniej Szachowy Juniorow "]
[Site "UKS MDK-1 Hetman Bydgoszcz"]
[Date "2009.??.??"]
[Round "3.6"]
[White "Gajek, Radoslaw"]
[Black "Kotula, Oktawia"]
[Result "0-1"]
[WhiteElo "1720"]
[BlackElo "1737"]
[PlyCount "104"]
[EventDate "2009.??.??"]

1. e4 c5 2. Nf3 Nc6 3. d4 cxd4 4. Nxd4 g6 5. c4 Bg7 6. Nc2 Nf6 7. Nc3 O-O 8.
Be2 d6 9. O-O Bd7 10. Bg5 Rc8 11. Ne3 h6 12. Bxf6 Bxf6 13. Ned5 Bg7 14. Qd2 Nd4
15. Bd3 a6 16. Ne2 Ne6 17. Rac1 Nc5 18. Bb1 Bc6 19. Nef4 e6 20. b4 exd5 21.
bxc5 dxc4 22. cxd6 c3 23. Qd1 Be5 24. Ne2 Bb5 25. Bd3 Qxd6 26. Bxb5 Qxd1 27.
Rfxd1 axb5 28. f4 Bg7 29. a3 Rc4 30. e5 Rfc8 31. Rc2 Bf8 32. Rd5 b4 33. axb4
Bxb4 34. Rb5 b6 35. Kf1 R8c6 36. g3 Re4 37. Nc1 Rd4 38. Nb3 Rdc4 39. Nc1 Kf8
40. Nd3 Ba5 41. Kf2 Ke7 42. Ke3 Ke6 43. Rb3 Kf5 44. Kf3 Rc8 45. g4+ Ke6 46. Rb1
Rd8 47. Ke3 Rcd4 48. Rd1 R4d5 49. Rf2 Ke7 50. Rc2 b5 51. Ke2 b4 52. Nf2 b3 0-1

[Event "XXVI Turniej Szachowy Juniorow "]
[Site "UKS MDK-1 Hetman Bydgoszcz"]
[Date "2009.??.??"]
[Round "3.7"]
[White "Nowacki, Krzysztof"]
[Black "Gora, Antonina"]
[Result "1-0"]
[WhiteElo "1693"]
[BlackElo "1583"]
[PlyCount "73"]
[EventDate "2009.??.??"]

1. e4 c5 2. Nf3 d6 3. d4 cxd4 4. Nxd4 Nf6 5. Nc3 a6 6. f3 e5 7. Nb3 Nc6 8. Be3
Be7 9. Nd5 O-O 10. Bb6 Qd7 11. Qd2 Bd8 12. Bxd8 Qxd8 13. Bd3 Nxd5 14. exd5 Ne7
15. c4 Ng6 16. O-O f5 17. Nc1 Nf4 18. Bc2 Qb6+ 19. Kh1 Qc7 20. b3 Qf7 21. Ne2
Ng6 22. Rac1 Qe7 23. Rfe1 Qf6 24. b4 Qd8 25. c5 Ne7 26. Bb3 Kh8 27. Nc3 Qc7 28.
Qe3 Ng6 29. Na4 f4 30. cxd6 Qxd6 31. Qc5 Qd8 32. Nb6 Rb8 33. d6 Bf5 34. d7 Qf6
35. Rcd1 Rfd8 36. Qc7 Nf8 37. Nc8 1-0

[Event "XXVI Turniej Szachowy Juniorow "]
[Site "UKS MDK-1 Hetman Bydgoszcz"]
[Date "2009.??.??"]
[Round "3.8"]
[White "Licznerski, Lukasz"]
[Black "Czajkowski, Mateusz"]
[Result "1-0"]
[WhiteElo "1932"]
[BlackElo "1685"]
[PlyCount "87"]
[EventDate "2009.??.??"]

1. e4 c6 2. d4 d5 3. Nc3 dxe4 4. Nxe4 Nf6 5. Nxf6+ gxf6 6. c3 Bf5 7. Nf3 Qc7 8.
g3 Nd7 9. Bf4 e5 10. Be3 O-O-O 11. Bd3 Bg4 12. h3 Be6 13. Qc2 Bd5 14. Be4 Bxe4
15. Qxe4 Bd6 16. O-O-O Kb8 17. Rhe1 Nb6 18. dxe5 Bxe5 19. Nxe5 Rxd1+ 20. Kxd1
fxe5 21. Bxb6 Rd8+ 22. Kc1 axb6 23. Qxe5 Qxe5 24. Rxe5 Rd7 25. Re8+ Kc7 26. Rh8
Kd6 27. Rxh7 Ke5 28. Rh4 c5 29. Rf4 f5 30. Kc2 b5 31. h4 b6 32. h5 Rh7 33. Rh4
Rh6 34. Kd3 Kf6 35. Ke3 Kg5 36. f4+ Kf6 37. Kf3 Ke6 38. Rh2 Kd5 39. g4 fxg4+
40. Kxg4 Ke6 41. Kg5 Rf6 42. h6 Rf7 43. h7 Rf5+ 44. Kg4 1-0

[Event "XXVI Turniej Szachowy Juniorow "]
[Site "UKS MDK-1 Hetman Bydgoszcz"]
[Date "2009.??.??"]
[Round "3.9"]
[White "Szulgacz, Maciej"]
[Black "Kacperski, Wojciech"]
[Result "1-0"]
[WhiteElo "1529"]
[BlackElo "1546"]
[PlyCount "87"]
[EventDate "2009.??.??"]

1. d4 Nf6 2. c4 g6 3. Nc3 d6 4. Bg5 Bg7 5. Nf3 Nbd7 6. e3 O-O 7. b4 c6 8. c5 d5
9. Bd3 Re8 10. h3 h6 11. Bf4 b6 12. cxb6 axb6 13. Qc2 c5 14. Nb5 e5 15. Nxe5
Nh5 16. bxc5 Nxf4 17. exf4 bxc5 18. O-O Nxe5 19. dxe5 c4 20. Be2 Bf5 21. Qd2
Bf8 22. Rfd1 Rb8 23. a4 Be6 24. Qe3 Qc8 25. Bf3 Bc5 26. Qc3 Rd8 27. Rab1 Qa6
28. Nc7 Qa7 29. Rxb8 Qxc7 30. Rxd8+ Qxd8 31. Qxc4 dxc4 32. Rxd8+ Kg7 33. Bd5 c3
34. Be4 f5 35. Bc2 g5 36. g3 Kf7 37. a5 Ke7 38. Rh8 Bd5 39. Rxh6 Be4 40. Bxe4
fxe4 41. Rc6 Bb4 42. a6 Kd7 43. Rc4 Ba5 44. a7 1-0

[Event "XXVI Turniej Szachowy Juniorow "]
[Site "UKS MDK-1 Hetman Bydgoszcz"]
[Date "2009.??.??"]
[Round "4.1"]
[White "Brzezinski, Mateusz"]
[Black "Marchlewicz, Damian"]
[Result "1/2-1/2"]
[WhiteElo "1931"]
[BlackElo "1911"]
[PlyCount "22"]
[EventDate "2009.??.??"]

1. c4 Nf6 2. Nc3 c6 3. Nf3 d5 4. cxd5 cxd5 5. d4 Nc6 6. Bf4 e6 7. e3 Bd6 8. Bg3
a6 9. Bd3 O-O 10. a3 Re8 11. O-O Bxg3 1/2-1/2